| 000 | 00366 a2200169 4500 | ||
|---|---|---|---|
| 001 | 70728 | ||
| 020 | _a8574884707 | ||
| 040 | _cAnchieta - Itaigara | ||
| 100 | _aMagalhães, Elsa Pestana | ||
| 240 | 1 | 0 |
_aA história do Brasil _lpor |
| 245 | 1 | 0 | _aA história do Brasil |
| 300 | _a115 | ||
| 362 | 0 | _a2005 | |
| 440 | 1 | _aGirassol | |
| 650 | 4 | _aBrasil | |
| 942 | _cBK | ||
| 999 |
_c70728 _d70728 |
||